| 000 | 00487nam a2200193 a 4500 | ||
|---|---|---|---|
| 001 | BRL_284 | ||
| 005 | 20190320210653.0 | ||
| 008 | 220713s1983----u--o#####c---#000-0#eng-# | ||
| 041 | _aeng | ||
| 044 | _au | ||
| 050 | 4 |
_aN7380 _b.A37 1983 |
|
| 245 | 1 | 0 |
_aAfrican Art _bExhibition Catalog Number 1. |
| 260 |
_aChicago, Ilinois _bThe May Weber Foundation _c1983 |
||
| 300 |
_a86 p. _bil. _c22 cm. |
||
| 500 | _aAu2362 | ||
| 650 | 1 | 4 |
_aArte africano _918262 |
| 902 | _aGRL | ||
| 942 |
_2lcc _cB |
||
| 999 |
_c9097 _d9097 |
||